Pi and the AGM : a study in analytic number theory and computational complexity /

Guardado en:
Autor Principal: Borwein, Jonathan M.
Otros Autores: Borwein, Peter B.
Formato: Libro
Idioma:English
Publicado: New York : Wiley, 1998, c1987.
Edición:Paperback ed.
Series:Canadian Mathematical Society series of monographs and advanced texts ; v. 4.
Materias:
Pi.
Acceso en línea:Publisher description
Etiquetas: Agregar Etiqueta
Sin Etiquetas, Sea el primero en etiquetar este registro!
LEADER 01868cam a2200337 a 4500
001 MAT.inmabb006777
008 860623t19981987nyu######b####001#0#eng##
005 20130319123504.0
245 1 0 |a Pi and the AGM :  |b a study in analytic number theory and computational complexity /  |c Jonathan M. Borwein, Peter B. Borwein. 
250 |a Paperback ed. 
260 |a New York :  |b Wiley,  |c 1998, c1987. 
300 |a xv, 414 p. ;  |c 24 cm. 
490 1 |a Canadian Mathematical Society series of monographs and advanced texts =  |a Monographies et études de la Société mathématique du Canada ;  |v v. 4 
500 |a "A Wiley-Interscience publication." 
504 |a Incluye referencias bibliográficas (p. 387-395) e índices. 
505 0 |a 1. Complete Elliptic Integrals and the Arithmetic-Geometric Mean Iteration -- 2. Theta Functions and the Arithmetic-Geometric Mean Iteration -- 3. Jacobi's Triple-Product and Some Number Theoretic Applications -- 4. Higher Order Transformations -- 5. Modular Equations and Algebraic Approximations to [pi] -- 6. The Complexity of Algebraic Functions -- 7. Algorithms for the Elementary Functions -- 8. General Means and Iterations -- 9. Some Additional Applications -- 10. Other Approaches to the Elementary Functions -- 11. Pi. 
510 4 |a MR,  |c 99h:11147 
020 |a 0471831387 
020 |a 047131515X (pbk.) 
100 1 |a Borwein, Jonathan M. 
700 1 |a Borwein, Peter B. 
830 0 |a Canadian Mathematical Society series of monographs and advanced texts ;  |v v. 4. 
650 0 |a Number theory. 
650 0 |a Computational complexity. 
650 0 |a Elliptic functions. 
650 0 |a Pi. 
084 |a 11Y60 (11B65 68Q25)  |2 msc2000 
010 |a  86015811  
040 |a DLC  |c DLC  |d DLC 
856 4 2 |3 Publisher description  |u http://www.loc.gov/catdir/description/wiley032/86015811.html 
859 |h 11  |i B739  |p A-7973  |b BIB. MATEMATICA